00567 2200205 4500001002100000005001500021035002000036007000300056008004100059020002200100082001000122084001600132100002300148245006500171260004600236300002000282650003300302856001000335990001600345INLIS00000000000154920190807121322 a0010-0819000039ta190807 g 0 ind  a978-979-22-4054-2 a2 X 7 a2 X 7 LAW k0 aLawrence E. Joseph1 aKiamat 2012 :bInvestigasi akhir zaman /cLawrence E. Joseph aJakarta. :bGramedia pustaka utama,c2012 ax,287p. ;c24cm aFilsafat dan Perkembangannya aagama a00000005126